Technically Correct TV Show Titles Quiz Stats

Quiz Updated Oct 28, 2015

Challenge
Share
Tweet
Embed
Score 0/25 Timer 03:00
5 Plays Today
TV Show (A) (A) or (B) % Correct
Supernatural???
94.5%
Avatar: The Last Airbender???
89.5%
Agents of SHIELD???
88.4%
Brooklyn Nine Nine???
85.4%
iCarly???
84%
Law & Order???
82.3%
Parks and Rec???
82%
The Dick Van Dyke Show???
81.9%
6 Feet Under???
80.3%
The X-Files???
79.5%
2 Broke Girls???
77%
Mr Robot???
76.3%
UnREAL???
73.1%
TV Show (A) (A) or (B) % Correct
Unbreakable Kimmy Schmidt ???
71%
M*A*S*H???
70.7%
That 70s Show???
68%
Two (And a Half) Men???
66.3%
Sense8???
64.9%
Doctor Who???
63.4%
Are You Smarter Than a 5th Grader????
63.4%
E.R.???
62.7%
American Dad???
60.9%
BoJack Horseman???
60.2%
Glee!???
53.5%
Awkward.???
46.8%

You're not logged in!

Compare scores with friends on all Sporcle quizzes.
Sign Up with Email
OR
Log In

You Might Also Like...

Show Comments

Extras

Top Quizzes Today


Score Distribution

Your Account Isn't Verified!

In order to create a playlist on Sporcle, you need to verify the email address you used during registration. Go to your Sporcle Settings to finish the process.